| 000 | 01575nam a2200253Ia 4500 | ||
|---|---|---|---|
| 003 | Ost | ||
| 005 | 20260507075356.0 | ||
| 008 | 260507s9999||||xx |||||||||||||| ||und|| | ||
| 020 | _a1516169957 | ||
| 040 | _cfsecg | ||
| 041 | _aara | ||
| 082 | _a330 | ||
| 100 |
_aالقاضي، حسين _eمؤلف |
||
| 245 | 0 |
_aمحاسبة البترول / _c حسين القاضي |
|
| 260 |
_aعمان: _bدار الثقافة للنشر والتوزيع, _c2010 |
||
| 300 |
_a368 صفحة؛ _bإيضاحات ؛ _c25 سم |
||
| 504 | _aكشاف مصطلحات ص349؛ المراجع ص361 | ||
| 520 | _aالطبيعة الجيولوجية والفنية والإقتصادية والإدارية لصناعة انتاج البترول- المعايير المحاسبية بشركات انتاج البترول- احتياطيات النفط والغاز- محاسبة تكاليف الإستكشاف- محاسبة الحصول على المناطق غير المبرهنة- محاسبة تكاليف الحفر والتطوير- محاسبة تكاليف الإنتاج- نفاذ تكاليف مناطق النفط والغاز المرسملة- محاسبة انخفاض قيمة المناطق غير المبرهنة والمبرهنة- محاسبة مبيعات المناطق المبرهنة وغير المبرهنة- محاسبة عقود تقاسم الإنتاج | ||
| 653 | _aالبترول | ||
| 653 | _aالمحاسبة الحكومية | ||
| 653 | _aانتاج النفط | ||
| 700 |
_aالريشاني، سمير _eمؤلف ثانوي |
||
| 942 | _cكتاب | ||
| 999 |
_c44227 _d44227 |
||